[Event "1st Röszke GM Tournament - Elsõ Röszkei "]
[Site "?"]
[Date "2011.06.18"]
[Round "1.2"]
[White "Kosic, Dragan"]
[Black "Kosanovic, Goran A"]
[Result "1/2-1/2"]
[WhiteElo "2485"]
[BlackElo "2383"]
[PlyCount "33"]
[EventDate "2011.??.??"]

1. e4 e5 2. Nf3 Nf6 3. Nxe5 d6 4. Nf3 Nxe4 5. d4 d5 6. Bd3 Be7 7. O-O O-O 8. c4
c6 9. Qc2 Nf6 10. h3 dxc4 11. Bxc4 Nbd7 12. Nc3 Nb6 13. Bb3 Nbd5 14. a3 h6 15.
Re1 Be6 16. Bd2 Re8 17. Rad1 1/2-1/2

[Event "1st Röszke GM Tournament - Elsõ Röszkei "]
[Site "?"]
[Date "2011.06.18"]
[Round "1.3"]
[White "Papp, Petra"]
[Black "Vajda, Levente"]
[Result "0-1"]
[WhiteElo "2230"]
[BlackElo "2510"]
[PlyCount "82"]
[EventDate "2011.??.??"]

1. e4 e5 2. Nf3 Nc6 3. Bb5 a6 4. Ba4 Nf6 5. O-O Be7 6. Re1 b5 7. Bb3 O-O 8. c3
d5 9. exd5 Nxd5 10. Nxe5 Nxe5 11. Rxe5 c6 12. d3 Bd6 13. Re1 Bf5 14. Qf3 Qh4
15. g3 Qh3 16. Bxd5 cxd5 17. Qxd5 Rad8 18. Qg2 Qh5 19. Be3 Bh3 20. Qc6 Be6 21.
Qg2 Bd5 22. f3 Bxf3 23. Qf2 Bb7 24. d4 Rde8 25. Nd2 Re6 26. Bf4 Bxf4 27. Rxe6
fxe6 28. gxf4 Rf6 29. Nf1 Qd5 30. Ng3 Rxf4 31. Qe2 h5 32. Rf1 Rg4 33. Kf2 Qxa2
34. Re1 Bd5 35. h3 Rg6 36. Qc2 Rf6+ 37. Kg1 h4 38. Nh5 Rf5 39. Qe2 Rg5+ 40. Kh2
Rg2+ 41. Qxg2 Bxg2 0-1

[Event "1st Röszke GM Tournament - Elsõ Röszkei "]
[Site "?"]
[Date "2011.06.19"]
[Round "2.1"]
[White "Erdos, Viktor"]
[Black "Vajda, Levente"]
[Result "1/2-1/2"]
[WhiteElo "2609"]
[BlackElo "2510"]
[PlyCount "81"]
[EventDate "2011.??.??"]

1. d4 d6 2. c4 e5 3. Nf3 exd4 4. Nxd4 g6 5. Nc3 Bg7 6. e4 Nc6 7. Be3 Nge7 8. h4
h6 9. Qd2 f5 10. Nxc6 bxc6 11. Bd4 O-O 12. Bxg7 Kxg7 13. O-O-O Be6 14. e5 d5
15. f4 Qc8 16. h5 Rb8 17. hxg6 dxc4 18. g3 Qa6 19. Qh2 Ng8 20. Qf2 Qb6 21. Rh2
Rfe8 22. Qe1 Qa5 23. Rd4 Red8 24. Rxd8 Rxd8 25. Qf2 Rb8 26. Qd4 Ne7 27. Bxc4
Qb4 28. b3 Nd5 29. Rc2 Nb6 30. Kd2 Nxc4+ 31. bxc4 Qe7 32. Ke3 Rd8 33. Qxa7 Qd7
34. Kf2 Qd3 35. Rc1 Bxc4 36. Qe3 Qxe3+ 37. Kxe3 Rd3+ 38. Kf2 Rd2+ 39. Ke3 Rd3+
40. Kf2 Rd2+ 41. Ke3 1/2-1/2

[Event "1st Röszke GM Tournament - Elsõ Röszkei "]
[Site "?"]
[Date "2011.06.19"]
[Round "2.3"]
[White "Sax, Gyula"]
[Black "Kosic, Dragan"]
[Result "1/2-1/2"]
[WhiteElo "2513"]
[BlackElo "2485"]
[PlyCount "34"]
[EventDate "2011.??.??"]

1. d4 d5 2. e4 e6 3. Nd2 c5 4. Ngf3 cxd4 5. Nxd4 Nc6 6. Bb5 Bd7 7. Nxc6 Bxc6 8.
Bxc6+ bxc6 9. O-O Nf6 10. Qe2 Be7 11. c4 O-O 12. b3 a5 13. Rb1 Qb6 14. Bb2 Rfd8
15. exd5 cxd5 16. cxd5 Nxd5 17. Nc4 Qa6 1/2-1/2

[Event "1st Röszke GM Tournament - Elsõ Röszkei "]
[Site "?"]
[Date "2011.06.20"]
[Round "3.2"]
[White "Papp, Petra"]
[Black "Sax, Gyula"]
[Result "0-1"]
[WhiteElo "2230"]
[BlackElo "2513"]
[PlyCount "106"]
[EventDate "2011.??.??"]

1. e4 c5 2. Nf3 e6 3. d4 cxd4 4. Nxd4 a6 5. c4 Nf6 6. Nc3 Bb4 7. Bd3 Qc7 8. O-O
O-O 9. Na4 d6 10. Be3 Nbd7 11. Rc1 Nc5 12. a3 Nxa4 13. Qxa4 Bc5 14. b4 Ba7 15.
f3 Bd7 16. Qd1 a5 17. b5 Bc5 18. Rc3 e5 19. Nc2 Bxb5 20. Qd2 Ba4 21. Bxc5 Qxc5+
22. Ne3 Rfc8 23. Rfc1 Bd7 24. Kh1 Qd4 25. Qe1 Rc7 26. Bf1 Rac8 27. Rd1 Qc5 28.
Rcd3 h6 29. Rxd6 Qxa3 30. R6d3 Qb4 31. Qg3 Qe7 32. Nd5 Nxd5 33. Rxd5 a4 34.
Rxe5 Be6 35. Ra5 Bxc4 36. Bxc4 Rxc4 37. h3 b6 38. Rad5 Rc1 39. Rxc1 Rxc1+ 40.
Kh2 a3 41. Rd2 Qc7 42. e5 Rh1+ 43. Kxh1 Qc1+ 44. Kh2 Qxd2 45. e6 fxe6 46. Qb8+
Kh7 47. Qa8 Qd6+ 48. Kg1 b5 49. Qe4+ Kg8 50. Qa8+ Qf8 51. Qa6 b4 52. Qxe6+ Kh8
53. Qc4 Qa8 0-1

[Event "1st Röszke GM Tournament - Elsõ Röszkei "]
[Site "?"]
[Date "2011.06.20"]
[Round "3.3"]
[White "Vajda, Levente"]
[Black "Kosanovic, Goran A"]
[Result "1-0"]
[WhiteElo "2510"]
[BlackElo "2383"]
[PlyCount "65"]
[EventDate "2011.??.??"]

1. e4 e6 2. d4 d5 3. Nd2 dxe4 4. Nxe4 Nd7 5. Nf3 Ngf6 6. Nxf6+ Nxf6 7. Be2 c5
8. O-O a6 9. c4 cxd4 10. Qxd4 Qxd4 11. Nxd4 Bd7 12. Bf4 O-O-O 13. c5 Nd5 14.
Bg3 Nb4 15. Rac1 Nc6 16. Nb3 Be7 17. Bd6 Bxd6 18. cxd6 Kb8 19. Rfd1 Rc8 20. Nc5
Rhd8 21. Nxa6+ bxa6 22. Bxa6 Nd4 23. Bxc8 Ne2+ 24. Kf1 Nxc1 25. Bxd7 Nxa2 26.
Bc6 Nb4 27. Bf3 Ka7 28. Rd4 Na6 29. Be2 Nc5 30. b4 Nb7 31. d7 Rb8 32. Bf3 Ra8
33. Ke1 1-0

[Event "1st Röszke GM Tournament - Elsõ Röszkei "]
[Site "?"]
[Date "2011.06.21"]
[Round "4.1"]
[White "Erdos, Viktor"]
[Black "Kosanovic, Goran A"]
[Result "1-0"]
[WhiteElo "2609"]
[BlackElo "2383"]
[PlyCount "73"]
[EventDate "2011.??.??"]

1. d4 Nf6 2. c4 c5 3. d5 d6 4. Nc3 e5 5. e4 Be7 6. Be2 O-O 7. Nf3 Nbd7 8. O-O
Ne8 9. a3 g6 10. Bh6 Ng7 11. Qd2 Nf6 12. Ne1 Kh8 13. b4 b6 14. Nd3 Ng8 15. Be3
f5 16. f4 exf4 17. Bxf4 g5 18. Bg3 f4 19. Bf2 Ba6 20. b5 Bc8 21. e5 dxe5 22.
Nxe5 Bd6 23. Nc6 Qc7 24. Ne4 Bf5 25. Nxg5 h6 26. Nf3 Nf6 27. Bd3 Ne4 28. Qc2
Nxf2 29. Rxf2 Rae8 30. Nh4 Bxd3 31. Qxd3 Rf6 32. Qc3 Qf7 33. Re1 Rxe1+ 34. Qxe1
Qh5 35. Re2 Qg4 36. h3 Qg5 37. Ne5 1-0

[Event "1st Röszke GM Tournament - Elsõ Röszkei "]
[Site "?"]
[Date "2011.06.22"]
[Round "5.1"]
[White "Papp, Petra"]
[Black "Erdos, Viktor"]
[Result "0-1"]
[WhiteElo "2230"]
[BlackElo "2609"]
[PlyCount "116"]
[EventDate "2011.??.??"]

1. e4 e5 2. Nf3 Nc6 3. Bb5 a6 4. Ba4 Nge7 5. O-O g6 6. c3 Bg7 7. d4 exd4 8.
cxd4 b5 9. Bb3 O-O 10. Nc3 Na5 11. Bc2 d6 12. h3 c5 13. Rb1 Bb7 14. d5 Nc4 15.
Ne2 b4 16. Bd3 Nb6 17. b3 a5 18. Qd2 a4 19. Bb2 axb3 20. axb3 Ra2 21. Qc1 f6
22. Nd2 Bc8 23. Nc4 Ba6 24. Rd1 Bxc4 25. Bxc4 Nec8 26. Bd3 Nd7 27. Bb5 Na7 28.
Bc4 Nc8 29. Bb5 Ncb6 30. Qe3 Ne5 31. Qc1 Ra5 32. Bd3 Qe8 33. Ng3 Ra2 34. Bc4
Qc8 35. Bf1 Qb7 36. Ra1 Rxb2 37. Qxb2 f5 38. Qc2 f4 39. Ba6 Qd7 40. Nf1 f3 41.
Ng3 fxg2 42. Kxg2 Nf3 43. Bf1 Bxa1 44. Rxa1 Nd4 45. Qd1 Qf7 46. Ra2 Nd7 47. Kh1
Ne5 48. Bg2 Qf4 49. Kg1 h5 50. Kh1 Rf7 51. Ra8+ Kg7 52. Ra2 Kh7 53. Kg1 Qh4 54.
Ra6 Ndf3+ 55. Bxf3 Nxf3+ 56. Kg2 Ng5 57. Qh1 Nxe4 58. Ra2 Rxf2+ 0-1

[Event "1st Röszke GM Tournament - Elsõ Röszkei "]
[Site "?"]
[Date "2011.06.22"]
[Round "5.2"]
[White "Vajda, Levente"]
[Black "Kosic, Dragan"]
[Result "1-0"]
[WhiteElo "2510"]
[BlackElo "2485"]
[PlyCount "93"]
[EventDate "2011.??.??"]

1. e4 e6 2. d4 d5 3. Nc3 Nf6 4. e5 Nfd7 5. f4 c5 6. Nf3 Nc6 7. Be3 a6 8. Qd2 b5
9. dxc5 Bxc5 10. Bd3 Qb6 11. Bf2 h6 12. O-O O-O 13. a3 Bb7 14. Bxc5 Nxc5 15.
Qf2 b4 16. axb4 Nxb4 17. Na4 Nxa4 18. Rxa4 Qxf2+ 19. Kxf2 Nxd3+ 20. cxd3 Bc6
21. Ra2 Rfb8 22. Nd4 Bd7 23. Ke3 a5 24. Rfa1 a4 25. b3 Ra5 26. Ra3 Kf8 27. g4
Ke7 28. f5 Rb4 29. Rf1 Ra8 30. bxa4 Rbxa4 31. Rxa4 Bxa4 32. Ra1 Ra6 33. Ra3 Ra8
34. h4 Kd7 35. h5 Ke7 36. Kf4 Ra6 37. g5 hxg5+ 38. Kxg5 exf5 39. Nxf5+ Kf8 40.
d4 Bb5 41. Rb3 Be8 42. Rb8 Re6 43. Nd6 Re7 44. Kf5 Re6 45. Rxe8+ Rxe8 46. Nxe8
Kxe8 47. e6 1-0

[Event "1st Röszke GM Tournament - Elsõ Röszkei "]
[Site "?"]
[Date "2011.06.23"]
[Round "6.2"]
[White "Kosanovic, Goran A"]
[Black "Kosic, Dragan"]
[Result "1/2-1/2"]
[WhiteElo "2383"]
[BlackElo "2485"]
[PlyCount "30"]
[EventDate "2011.??.??"]

1. e4 c5 2. Nc3 Nc6 3. g3 g6 4. Bg2 Bg7 5. d3 d6 6. f4 e6 7. Nf3 Nge7 8. O-O
O-O 9. Be3 Nd4 10. Bf2 Nec6 11. Rb1 Rb8 12. Ne2 Nxe2+ 13. Qxe2 b5 14. c3 b4 15.
c4 Qa5 1/2-1/2

[Event "1st Röszke GM Tournament - Elsõ Röszkei "]
[Site "?"]
[Date "2011.06.23"]
[Round "6.3"]
[White "Vajda, Levente"]
[Black "Papp, Petra"]
[Result "1-0"]
[WhiteElo "2510"]
[BlackElo "2230"]
[PlyCount "71"]
[EventDate "2011.??.??"]

1. e4 c5 2. c3 d5 3. exd5 Qxd5 4. d4 Nf6 5. Nf3 e6 6. Bd3 Be7 7. O-O O-O 8. Qe2
Rd8 9. Bg5 Nc6 10. Bc4 Qf5 11. dxc5 Bxc5 12. Nbd2 Be7 13. Rfd1 Na5 14. Bxf6
Bxf6 15. Ne4 Nxc4 16. Qxc4 Bd7 17. Nd6 Qh5 18. Nxb7 Rdc8 19. Qf4 e5 20. Qe3 Ba4
21. Rd6 Bc6 22. Na5 Bxf3 23. Qxf3 Qxf3 24. gxf3 Rab8 25. Nc6 Rb7 26. Rad1 h5
27. b4 Kh7 28. c4 Be7 29. Nxe7 Rxe7 30. c5 Rb7 31. a3 a5 32. Rb6 Rxb6 33. cxb6
axb4 34. a4 b3 35. Rb1 h4 36. b7 1-0

[Event "1st Röszke GM Tournament - Elsõ Röszkei "]
[Site "?"]
[Date "2011.06.24"]
[Round "7.1"]
[White "Vajda, Levente"]
[Black "Erdos, Viktor"]
[Result "1/2-1/2"]
[WhiteElo "2510"]
[BlackElo "2609"]
[PlyCount "65"]
[EventDate "2011.??.??"]

1. e4 c6 2. d4 d5 3. exd5 cxd5 4. c4 Nf6 5. Nc3 Nc6 6. Nf3 Bg4 7. cxd5 Nxd5 8.
Qb3 Bxf3 9. gxf3 e6 10. Qxb7 Nxd4 11. Bb5+ Nxb5 12. Qc6+ Ke7 13. Qxb5 Nxc3 14.
bxc3 Rb8 15. Qa6 Qc7 16. O-O f6 17. Rb1 Kf7 18. Rxb8 Qxb8 19. Be3 Be7 20. a4
Rc8 21. Re1 Qa8 22. f4 Qc6 23. Qxc6 Rxc6 24. Rb1 Bc5 25. Bxc5 Rxc5 26. Rb7+ Kg6
27. Rxa7 Rxc3 28. Kg2 Ra3 29. a5 h5 30. a6 Kf5 31. Rxg7 Rxa6 32. Rh7 Kxf4 33.
Rxh5 1/2-1/2

[Event "1st Röszke GM Tournament - Elsõ Röszkei "]
[Site "?"]
[Date "2011.06.24"]
[Round "7.2"]
[White "Papp, Petra"]
[Black "Kosanovic, Goran A"]
[Result "1/2-1/2"]
[WhiteElo "2230"]
[BlackElo "2383"]
[PlyCount "93"]
[EventDate "2011.??.??"]

1. e4 c5 2. Nf3 a6 3. c4 d6 4. d4 cxd4 5. Nxd4 Nf6 6. Nc3 g6 7. Be2 Bg7 8. Be3
O-O 9. f3 Nc6 10. Qd2 Nxd4 11. Bxd4 Be6 12. O-O Nd7 13. Bxg7 Kxg7 14. Qd4+ f6
15. Nd5 Bxd5 16. exd5 Qb6 17. Qxb6 Nxb6 18. Rfe1 Rfe8 19. f4 a5 20. Kf2 Nd7 21.
Bf3 a4 22. Re3 Kf8 23. Rae1 Nc5 24. Bd1 Ra5 25. Bc2 b5 26. b4 axb3 27. axb3 Ra2
28. R1e2 bxc4 29. bxc4 Rb8 30. Bd1 Ra7 31. Rh3 Kg7 32. Rhe3 Rbb7 33. Bc2 Rc7
34. Kf3 Kf8 35. h4 Kf7 36. g4 Ra1 37. h5 Rf1+ 38. Kg3 Rg1+ 39. Kf3 Rh1 40. Kg2
Ra1 41. Rh3 Kg7 42. Rhe3 Raa7 43. hxg6 hxg6 44. Kf3 Rcb7 45. Kg3 Rc7 46. Kf3
Rcb7 47. Kg3 1/2-1/2

[Event "1st Röszke GM Tournament - Elsõ Röszkei "]
[Site "?"]
[Date "2011.06.24"]
[Round "7.3"]
[White "Kosic, Dragan"]
[Black "Sax, Gyula"]
[Result "1/2-1/2"]
[WhiteElo "2485"]
[BlackElo "2513"]
[PlyCount "26"]
[EventDate "2011.??.??"]

1. d4 Nf6 2. Nf3 e6 3. Bf4 b6 4. e3 Bb7 5. Nbd2 Be7 6. h3 c5 7. c3 O-O 8. Bd3
cxd4 9. exd4 Ba6 10. Bxa6 Nxa6 11. O-O d6 12. a4 Nc7 13. Qe2 Qd7 1/2-1/2

[Event "1st Röszke GM Tournament - Elsõ Röszkei "]
[Site "?"]
[Date "2011.06.25"]
[Round "8.1"]
[White "Erdos, Viktor"]
[Black "Kosic, Dragan"]
[Result "1/2-1/2"]
[WhiteElo "2609"]
[BlackElo "2485"]
[PlyCount "66"]
[EventDate "2011.??.??"]

1. d4 e6 2. e4 d5 3. Nc3 dxe4 4. Nxe4 Nd7 5. Nf3 Ngf6 6. Nxf6+ Nxf6 7. c3 c5 8.
Be3 Qc7 9. Ne5 a6 10. Qa4+ Bd7 11. Nxd7 Qxd7 12. Qxd7+ Nxd7 13. O-O-O cxd4 14.
Bxd4 O-O-O 15. b4 Nf6 16. Be2 Bd6 17. Kc2 Rd7 18. Rhe1 Rhd8 19. Bf3 Ne8 20. a3
g6 21. h4 h5 22. g3 Be7 23. Bb6 Rxd1 24. Bxd1 Rd7 25. Be2 Nd6 26. Bd3 Bd8 27.
Bc5 Nb5 28. a4 Na3+ 29. Kd2 Nc4+ 30. Ke2 Nb2 31. Bc2 Nc4 32. Bb3 Nd2 33. Bc2
Nc4 1/2-1/2

[Event "1st Röszke GM Tournament - Elsõ Röszkei "]
[Site "?"]
[Date "2011.06.25"]
[Round "8.2"]
[White "Sax, Gyula"]
[Black "Papp, Petra"]
[Result "1-0"]
[WhiteElo "2513"]
[BlackElo "2230"]
[PlyCount "79"]
[EventDate "2011.??.??"]

1. e4 e5 2. Nf3 Nc6 3. Bb5 a6 4. Ba4 Nf6 5. O-O b5 6. Bb3 Bc5 7. c3 d6 8. d4
Bb6 9. h3 O-O 10. Be3 exd4 11. cxd4 Nxe4 12. Bd5 Qe8 13. Re1 Nf6 14. Bg5 Nxd5
15. Rxe8 Rxe8 16. Nc3 Be6 17. Ne2 h6 18. Bd2 Nf6 19. Rc1 Bd5 20. Nh4 Bc4 21.
Ng3 Nxd4 22. Be3 c5 23. b3 Bd5 24. Bxd4 cxd4 25. Nhf5 Re6 26. Nxd4 Re5 27. Nc6
Re6 28. Nd4 Re5 29. Nf3 Re6 30. Nh5 Bxf3 31. Qxf3 Rae8 32. Nf4 Re4 33. Rc6 Bd4
34. Nd3 Re2 35. Rxd6 Re1+ 36. Kh2 R1e4 37. Rxa6 Nd5 38. Ra8 Nf6 39. Qxe4 Be3
40. Qxe3 1-0

[Event "1st Röszke GM Tournament - Elsõ Röszkei "]
[Site "?"]
[Date "2011.06.26"]
[Round "9.1"]
[White "Kosanovic, Goran A"]
[Black "Erdos, Viktor"]
[Result "0-1"]
[WhiteElo "2383"]
[BlackElo "2609"]
[PlyCount "74"]
[EventDate "2011.??.??"]

1. e4 c5 2. Nc3 a6 3. g3 b5 4. Bg2 Bb7 5. d3 e6 6. Nf3 d6 7. O-O Be7 8. a4 b4
9. Nb1 Nc6 10. Re1 Qc7 11. Nbd2 Na5 12. Nc4 Nxc4 13. dxc4 Bf6 14. Rb1 Ne7 15.
b3 Rd8 16. h4 O-O 17. Bg5 Bc3 18. Bd2 Bxd2 19. Qxd2 h6 20. Rbd1 e5 21. Nh2 Bc8
22. Nf1 f5 23. Ne3 f4 24. Nd5 Nxd5 25. Qxd5+ Kh8 26. Qd3 Rf6 27. Rd2 Be6 28.
Qe2 Qf7 29. Rd3 Qg6 30. Kh2 Rdf8 31. Qd2 Bg4 32. Kg1 Bh5 33. Bh3 fxg3 34. fxg3
Bf3 35. Qh2 Bxe4 36. h5 Qf7 37. Rd2 Ba8 0-1

[Event "1st Röszke GM Tournament - Elsõ Röszkei "]
[Site "?"]
[Date "2011.06.26"]
[Round "9.2"]
[White "Vajda, Levente"]
[Black "Sax, Gyula"]
[Result "1/2-1/2"]
[WhiteElo "2510"]
[BlackElo "2513"]
[PlyCount "28"]
[EventDate "2011.??.??"]

1. e4 e5 2. Nf3 Nc6 3. Bb5 a6 4. Ba4 Nf6 5. O-O Be7 6. Re1 b5 7. Bb3 d6 8. c3
O-O 9. d4 Bg4 10. Be3 exd4 11. cxd4 d5 12. e5 Ne4 13. Nc3 Nxc3 14. bxc3 Bh5
1/2-1/2

[Event "1st Röszke GM Tournament - Elsõ Röszkei "]
[Site "?"]
[Date "2011.06.26"]
[Round "9.3"]
[White "Papp, Petra"]
[Black "Kosic, Dragan"]
[Result "1/2-1/2"]
[WhiteElo "2230"]
[BlackElo "2485"]
[PlyCount "32"]
[EventDate "2011.??.??"]

1. e4 e6 2. d4 d5 3. Nc3 a6 4. Bd3 Nf6 5. e5 Nfd7 6. Nce2 c5 7. c3 Nc6 8. f4
cxd4 9. cxd4 Bb4+ 10. Bd2 Qa5 11. Nf3 Bxd2+ 12. Qxd2 Qxd2+ 13. Kxd2 Nb6 14. b3
Bd7 15. Rac1 h5 16. g3 Ke7 1/2-1/2

[Event "1st Röszke GM Tournament - Elsõ Röszkei "]
[Site "?"]
[Date "2011.06.27"]
[Round "10.1"]
[White "Erdos, Viktor"]
[Black "Papp, Petra"]
[Result "1-0"]
[WhiteElo "2609"]
[BlackElo "2230"]
[PlyCount "89"]
[EventDate "2011.??.??"]

1. Nf3 Nf6 2. g3 d5 3. Bg2 c6 4. c4 dxc4 5. O-O Nbd7 6. Na3 Nb6 7. Qc2 Be6 8.
Ng5 Qd7 9. b3 cxb3 10. axb3 g6 11. Nc4 Bxc4 12. bxc4 Bg7 13. Rb1 O-O 14. c5 Nc8
15. d4 e6 16. Nf3 a6 17. Qb2 Ra7 18. Rd1 Nd5 19. Bg5 h6 20. Bd2 Nc7 21. Qc1 Kh7
22. Ne5 Qe7 23. e4 Nb5 24. Be3 Ra8 25. f4 Nca7 26. Rb2 Rad8 27. Rbd2 Qc7 28.
Nc4 Nc8 29. e5 Ne7 30. Nd6 Nd5 31. Rb2 Ra8 32. g4 Nxd6 33. cxd6 Qd7 34. Bxd5
cxd5 35. Rb6 Rfc8 36. Qb2 Ra7 37. Rb1 Rb8 38. g5 a5 39. Rc1 Rc8 40. Rxc8 Qxc8
41. Qc1 Qa8 42. Qc7 a4 43. d7 a3 44. Rb1 a2 45. Ra1 1-0

[Event "1st Röszke GM Tournament - Elsõ Röszkei "]
[Site "?"]
[Date "2011.06.27"]
[Round "10.2"]
[White "Kosic, Dragan"]
[Black "Vajda, Levente"]
[Result "0-1"]
[WhiteElo "2485"]
[BlackElo "2510"]
[PlyCount "80"]
[EventDate "2011.??.??"]

1. e4 g6 2. d4 Bg7 3. Nf3 d6 4. c4 Nf6 5. Nc3 O-O 6. Be2 Nbd7 7. O-O e5 8. Be3
c6 9. h3 exd4 10. Bxd4 Qe7 11. Nd2 Nc5 12. Re1 b6 13. Bf1 Ne6 14. Be3 Nh5 15.
Nf3 Be5 16. g3 Bb7 17. Bg2 Qf6 18. Rc1 Nhg7 19. Qd2 Rad8 20. b3 Qe7 21. Rcd1 f5
22. exf5 Nxf5 23. Qc1 Rde8 24. Nxe5 dxe5 25. Bh6 Nxh6 26. Qxh6 Qf7 27. Ne4 Nd4
28. Rf1 Qe7 29. Rfe1 c5 30. h4 Rf5 31. Rd2 Ref8 32. Qe3 Kg7 33. Rf1 Rf3 34. Qg5
Qe6 35. Rxd4 exd4 36. Bxf3 Rxf3 37. Nd2 h6 38. Qd8 Rf8 39. Qc7+ Rf7 40. Qb8 Qe2
0-1

[Event "1st Röszke GM Tournament - Elsõ Röszkei "]
[Site "?"]
[Date "2011.06.27"]
[Round "10.3"]
[White "Sax, Gyula"]
[Black "Kosanovic, Goran A"]
[Result "1-0"]
[WhiteElo "2513"]
[BlackElo "2383"]
[PlyCount "79"]
[EventDate "2011.??.??"]

1. e4 c5 2. Nf3 d6 3. c3 Nf6 4. h3 g6 5. Bd3 Bg7 6. O-O O-O 7. Bc2 Nc6 8. d4
cxd4 9. cxd4 d5 10. e5 Ne8 11. Nc3 Nc7 12. Bf4 Be6 13. Ng5 Rc8 14. Rc1 Qd7 15.
Be3 Bf5 16. Ba4 Ne6 17. Nf3 Ned8 18. Bb3 Na5 19. Ba4 Ndc6 20. g4 Be6 21. Ng5
Nc4 22. Nxe6 Qxe6 23. Qe2 a6 24. Bb3 N6a5 25. Bxc4 Nxc4 26. Na4 b6 27. b3 Nxe3
28. Qxe3 f6 29. f4 Rxc1 30. Rxc1 fxe5 31. dxe5 g5 32. Qxb6 Qf7 33. f5 Bxe5 34.
Qxa6 Kg7 35. Rd1 Rd8 36. Nc5 Rd6 37. Qe2 Qf6 38. Kg2 Kf7 39. b4 d4 40. Ne4 1-0